000 00708nam a2200253Ia 4500
003 OSt
005 20221007110854.0
006 a|||||r|||| 00| 0
007 ta
008 221006b |||||||| |||| 00| 0 eng d
024 _a22,047
037 _cTextual
040 _aLCO
_cLCO
_beng
041 _2eng
_aeng
082 _aX72991:(Z2), L4
100 _aPal Aswini Kumar
_9707934
245 0 _aIndian Estate Duty
260 _aCulcutta
_bInternational Law Book Centre India
_c1974
300 _aVarious
500 _aWith the Estate Duty Act and Rules, 1953
650 _aESTATE DUTY
_9243145
942 _hX72991:(Z2), L4
_cTEXL
999 _c1191610
_d1191610